Automarken nach Logos 2 - Statistiken

Allgemein
  • Dieses Quiz wurde 11.679 mal gespielt
  • Das Durchschnittsergebnis liegt bei 10 aus 15
Antwortstatistiken
Bildquiz Antwort % Korrekt
Audi
99%
Tesla
97%
Jaguar
96%
Honda
94%
Škoda
94%
Mazda
89%
Toyota
86%
Chevrolet
79%
Peugeot
79%
Dodge
64%
Cupra
55%
Buick
15%
Lada
14%
Wiesmann
12%
Tata
10%
Keine übereinstimmenden Quizze gefunden
Verteilung der Resultate
Anzahl Personen mit jedem Resultat
Perzentil nach korrekt beantworteten Fragen
Ihre Resultats-Entwicklung
Sie haben dieses Quiz noch nicht gespielt